000 01062cam a2200301 a 4500
001 1108702
003 ARRUPE
005 20211102113227.0
008 931103s1994 mau b 001 0 eng
010 _a 93043185
020 _a0262132966 (hc)
020 _a0262631512 (pbk)
035 _a(DLC) 93043185
040 _aDLC
_cDLC
_dDLC
050 0 0 _aH61
_b.R33 1994
082 0 0 _a300/.1
_220
245 0 0 _aReadings in the philosophy of social science /
_cedited by Michael Martin and Lee C. McIntyre.
260 _aCambridge, Mass. :
_bMIT Press,
_cc1994.
300 _axxvii, 785 p. ;
_c27 cm.
500 _a"A Bradford book."
504 _aIncludes bibliographical references (p. [767]-772) and index.
650 0 _aSocial sciences
_xPhilosophy.
700 1 _aMartin, Michael,
_d1932 February 3-
_922409
700 1 _aMcIntyre, Lee C.
_950923
906 _a7
_bcbc
_corignew
_d1
_eocip
_f19
_gy-gencatlg
942 _2lcc
_cMONOGRAPH
999 _c131083
_d131083